| 000 | 01023nac a22003377a 4500 | ||
|---|---|---|---|
| 001 | BR0809103 | ||
| 003 | BR-BrBNA | ||
| 005 | 20240105123704.0 | ||
| 008 | 230509b bl.|||m| |||| 00| 0 por d | ||
| 040 |
_aBR-BrBNA _bpor _cBiblioteca Nacional de Agricultura |
||
| 072 | _aF01 | ||
| 090 | _a1953 BR0809103 | ||
| 100 | 1 | _aRassini, J.B. | |
| 100 | 1 | _aFerreira, R. de P. | |
| 100 | 1 | _aMoreira, A. | |
| 110 | 1 |
_aEMBRAPA Pecuária Sudeste, São Carlos, SP (Brasil) _93694 |
|
| 245 | 1 | _aRecomendações para o cultivo de alfafa na região sudeste do Brasil | |
| 260 | 3 |
_aSão Carlos, SP (Brasil): _c2006. |
|
| 300 | _a10 p. | ||
| 490 |
_aCircular Técnica - EMBRAPA Pecuária Sudeste (Brazil) _vno. 46 _xISSN 1981-2086 |
||
| 500 | _a19 ref. | ||
| 650 | _aALFAFA | ||
| 650 | _aLEGUMINOSA | ||
| 650 | _aPLANTIO DIRETO | ||
| 650 | _aPECUÁRIA | ||
| 650 | _aSOLO | ||
| 650 | _aADUBAÇÃO | ||
| 650 | _aPROPRIEDADE FÍSICO-QUÍMICA | ||
| 909 |
_a202312 _bLúcia Elande _c55 _dLúcia Elande |
||
| 942 |
_2AGRIS _n0 _cMS |
||
| 999 |
_c296558 _d296558 |
||